000 00942nam a2200265 i 4500
001 172493
003 ES-MaACL
005 20230906214932.0
008 090710s1979 fr |||| | fre d
020 _a2-7291-0067-9
080 _a821.112.2-32"18"
100 0 _aPanizza, Oskar.
_988797
245 1 3 _aUn scandale au couvent /
_cOscar Panizza ; préface de Hannes Ruch ; avant-propos et traduction de Jean Bréjoux ; dessins de Carlo Berté ; postface de Hans Hein Ewers.
260 _aParis :
_bÉditions de la Différence,
_c[1979]
300 _a192 p. :
_bil. ;
_c21 cm.
490 1 _aChair pensée
700 1 _aRuch, Hannes.
_9141032
700 0 _aBréjoux, Jean.
_931564
700 1 _aBerté, Carlo.
_9141033
700 0 _aEwers, Hanns Heinz.
_948416
830 0 _aChair pensée
_9223340
852 _aES-MaACL
_jE-12809
_9R.139282
_z.- Biblioteca Jacinto Martínez Lacalle
999 _c172493
_d172493